000 00723nam a22001937a 4500
999 _c19050
_d19050
003 AR-CdUCM
008 190516b ||||| |||| 00| 0 spa d
040 _aMUNICIPALIDAD PROVINCIAL DEL CUSCO
_cBIBLIOTECA MUNICIPAL DEL CUSCO
082 _22ed.
_a869.23 /
_bSA19
100 _aSarmiento, Gomingo Faustino
_940122
245 _aEstados Unidos /
260 _aBuenos Aires :
_bEmece,
_c1945.
300 _a86 paginas :
_bIlustraciones, graficos, dibujos,
_c18 cm.
505 _aContenido: Viajes y cronicas -- Poesias y cancioneros -- Pisajes i ciudades -- Memorias y recuerdos -- Leyenda y folklore...
650 _aEstados Unidos
_91805
650 _aTradiciones
_9229
942 _2ddc
_cLIBROS
945 _apjha
_d2019-05-16